| 000 -ლიდერი |
| ფიქსირებული სიგრძის საკონტროლო ველი |
01308nam a22002297a 4500 |
| 003 - საკონტროლო ნომრის იდენტიფიკატორი |
| საკონტროლო ველი |
Ge_BSU |
| 005 - ბოლო ოპერაციის თარიღი და დრო |
| საკონტროლო ველი |
20240222174232.0 |
| 008 - ფიქსირებული სიგრძის მონაცემთა ელემენტები - ზოგადი ინფორმაცია |
| ფიქსირებული სიგრძის საკონტროლო ველი |
240222s2004 ge ||||| |||| 00| 0 geo d |
| 020 ## - წიგნის საერთაშორისო სტანდარტული ნომერი |
| International Standard Book Number |
9994076973 |
| 041 ## - ენის კოდი |
| Language code of text/sound track or separate title |
geo |
| 080 ## - უნივერსალური ათობითი კლასიფიკაციის ინდექსი |
| Universal Decimal Classification number |
821.111(73)-1 ა-57 |
| 245 ## - ცნობა სათაურის შესახებ |
| Title |
ამერიკელი პოეტები / |
| Statement of responsibility, etc |
ედგარ ალან პო, ედგარ ლი მასტერსი, კარლ სენდბერგი და სხვ.; ინგლისურიდან თარგმნა შოთა იათაშვილმა; [რედ.: გივი ალხაზიშვილი]. |
| 264 ## - წარმოების, გამოცემის, დისტრიბუციის და სხვა ცნობები |
| გამოცემის, წარმოების, დისტრიბუციის... ადგილი |
თბ. : |
| გამოცემის, წარმოების, დისტრიბუციის... სახელწოდება |
მერანი, |
| გამოცემის, წარმოების, დისტრიბუციის... თარიღი |
2004. |
| 300 ## - ფიზიკური აღწერა |
| Extent |
102გვ. ; |
| Other physical details |
20სმ. |
| 500 ## - ზოგადი შენიშვნა |
| General note |
პარალელ. თავფ. ინგლ. ენ. |
| 653 ## - INDEX TERM--UNCONTROLLED |
| Uncontrolled term |
ამერიკული პოეზია |
| 653 ## - INDEX TERM--UNCONTROLLED |
| Uncontrolled term |
თარგმანები ქართულ ენაზე |
| 700 ## - ADDED ENTRY--PERSONAL NAME |
| Personal name |
ალხაზიშვილი, გივი |
| Relator term |
რედაქტორი |
| 9 (RLIN) |
21276 |
| 700 ## - ADDED ENTRY--PERSONAL NAME |
| Personal name |
სამნიაშვილი, ლელა, |
| Relator term |
წინასიტყვაობის ავტორი |
| 9 (RLIN) |
21277 |
| 700 ## - ADDED ENTRY--PERSONAL NAME |
| Personal name |
იათაშვილი, შოთა |
| Relator term |
მთარგმნელი. |
| 9 (RLIN) |
2461 |
| 942 ## - ADDED ENTRY ELEMENTS (KOHA) |
| Source of classification or shelving scheme |
|
| Koha item type |
წიგნი |